Statistiques concernant Les prénoms en L du plan de Paris

Cliquez ici pour prendre le quiz!

Statistiques générales

  • Ce quiz a été pris 12 fois
  • Le résultat moyen est 16 sur 52

Statistiques - réponses

ArrondissementIndiceNomPrénom% Correct
12eAuteur-compositeur-interprèteFerréLéo
90%
16eArtiste peintreDe VinciLéonard
90%
9eActeur / ComédienVenturaLino
90%
11eHomme politiqueBlumLéon
80%
19ePropriétaireGiraudLéon
60%
13eHomme politiqueHamonLéo
50%
15eArtiste peintreLhermitteLéon
50%
10eMédecinSchwartzenbergLéon
50%
10eSyndicalisteJouhauxLéon
50%
6eActeur / ComédienTerzieffLaurent
40%
16eCompositeurDelibesLéo
40%
7eHomme politiqueBourgeoisLéon
40%
15eSculpteurDelhommeLéon
40%
20eInventeurGaumontLéon
40%
16eEcrivain / PoèteDeubelLéon
40%
1erEcrivain / PoèteSédar-SenghorLéopold
40%
17eAuteur-compositeur-interprèteGastéLoulou
40%
20eEcrivain / PoèteGuitryLucien
40%
15eSculpteurDelagrangeLéon
30%
17eOtage fusilléJostLéon
30%
18e
RésistantBronchartLéon
30%
11eHomme politiqueFrotLéon
30%
16eArchéologueHeuzeyLéon
30%
17eArtiste peintreCognietLéon
30%
7eArchitecteVaudoyerLéon
30%
13eInventeurBolléeLéon
30%
15eDentisteGuillotLéon
30%
10eJournalisteSampaixLucien
30%
20ePersonnage de romanLeuwenLucien
30%
13eSyndicalisteFrankelLéo
20%
17eIngénieurDrouxLéon
20%
20eEcrivain / PoèteFrapiéLéon
20%
15eEcrivain / PoèteSéchéLéon
20%
2eEcrivain / PoèteCladelLéon
20%
16eArtiste peintreBonnatLéon
20%
17eHomme politiqueCosnardLéon
20%
15eEcrivain / PoèteDierxLéon
20%
12eCompositeurBernsteinLéonard
20%
19eAuteur-compositeur-interprèteMatoubLounès
20%
15eHomme politiqueBoussoutrotLucien
20%
5eMilitant politiqueHerrLucien
20%
20eHistorienLambeauLucien
20%
18eIngénieurGaulardLucien
20%
14eEcrivain / PoèteDescavesLucien
20%
14eHéros antique-Léonidas
10%
6eEcrivain / PoèteFargueLéon-Paul
10%
2eHomme politiqueBellanLéopold
10%
16eIngénieurReynaudLéonce
0%
13eRésistantNordmannLéon-Maurice
0%
14eArtiste peintreRobertLéopold
0%
16eSouverain(...) IILéopold II
0%
13eMédecinChampionnièreLucas
0%

Distribution des résultats

Percentile par nombre de réponses

% des personnes avec chaque résultat

Votre développement - résultats

Vous n’avez pas pris ce quiz